000 00988cad a22002295a 4500
001 L150024
008 100525s2010 xxkb f f000 0 eng d
035 _a(Sirsi) u150024
041 0 _aeng
050 0 4 _a627.4 $2 18
110 2 _aUnited Kingdom
_bDepartment for Environment, Food and Rural Affairs
245 0 0 _aPre-consultation on the draft UK marine policy statement
_ba paper for discussion
_h[electronic resource]
260 _aLondon
_bDEFRA
_c2010
520 _aSeeks views on a draft UK Marine Policy Statement, which seeks to achieve sustainable development of the UK Marine Area.
520 _aDeadline for responses is 7 May 2010.
521 _aAdvanced
590 _aKA
651 4 _aUnited Kingdom
_y
690 _aPROPERTY-RURAL AND NATURAL ASSETS-MARINE RESOURCES-MARINE RESOURCE MANAGEMENT
856 4 0 _uhttps://www.defra.gov.uk/environment/marine/documents/legislation/mps-discussion.pdf
_zView the consultation free of charge at www.defra.gov.uk
942 _n0
999 _c110699
_d110699